| 000 | 00000nam 2200000zi 4500 |
| 001 | 9.924151 |
| 003 | CaOODSP |
| 005 | 20240124153056 |
| 006 | m o d f |
| 007 | cr |n||||||||| |
| 008 | 230620e202306##onc ob f|0| 0 eng d |
| 040 | |aCaOODSP|beng|erda|cCaOODSP |
| 043 | |an-cn--- |
| 086 | 1 |aXC79-1/1-441-5E-PDF |
| 110 | 1 |aCanada. |bParliament. |bHouse of Commons. |bStanding Committee on Science and Research, |eauthor, |eissuing body. |
| 245 | 10|aRevitalizing research and scientific publication in French in Canada / |cLloyd Longfield, chair. |
| 264 | 1|a[Ottawa] : |bHouse of Commons, Canada = Chambre des communes, Canada, |cJune 2023. |
| 300 | |a1 online resource (viii, 71 pages). |
| 336 | |atext|btxt|2rdacontent |
| 337 | |acomputer|bc|2rdamedia |
| 338 | |aonline resource|bcr|2rdacarrier |
| 490 | 1 |aReport of the Standing Committee on Science and Research ; |v5th report, 44th Parliament, 1st Session |
| 500 | |aIssued also in French under title: Un nouvel élan à la recherche et la publication scientifique en français au Canada. |
| 500 | |aOriginal published on: 2023/06/15. Republished on: 2023/10/18. |
| 504 | |aIncludes bibliographical references. |
| 650 | 0|aResearch|xGovernment policy|zCanada. |
| 650 | 0|aFrench language|xGovernment policy|zCanada. |
| 700 | 1 |aLongfield, Lloyd. |
| 775 | 08|tUn nouvel élan à la recherche et la publication scientifique en français au Canada / |w(CaOODSP)9.924155 |
| 830 | #0|aReport of the Standing Committee on Science and Research ;|v5th report, 44th Parliament, 1st Session.|w(CaOODSP)9.912114 |
| 856 | 40|qPDF|s2.79 MB|uhttps://publications.gc.ca/collections/collection_2023/parl/xc79-1/XC79-1-1-441-5-eng.pdf |